000 00825nam a2200253Ia 4500
003 OSt
005 20220918171318.0
006 a|||||r|||| 00| 0
007 ta
008 220917b |||||||| |||| 00| 0 eng d
020 _a9781474413312 (hbk)
_cUKP 19.99
024 _a348,303
037 _b13738, 15/01/2019, Elite Publishers Distributors
_cTextual
040 _aARTS
_cARTS
_beng
041 _2eng
_aeng
082 _aWxN35, Q8
100 _aMarchart Oliver Au.
_927512
245 0 _aThinking antagonism
_b political ontology after laclau
260 _aEdinburgh
_bEdinburgh University Press UK
_c2018
300 _avii,258p.
_ccm.
650 _aPOLITICAL SCIENCE
942 _hWxN35, Q8
_cTEXL
_2CC
999 _c138967
_d138967